000 01486nam a2200289 c 4500
003 BLK
005 20180422102431.0
008 180408b bul|||||r ||||||| ||bul||
010 _aKNG00065479000
040 _aBLK
041 _aBUL
_cBUL
080 _aМеханично действащи средства - Използване на дразнещи кожата средства за лечение:пиявици, акупунктура, пчелно ожилване, изкуствено дишане, реанимация, сърдечен масаж, пейсмейкъри
_b615.81
_x(035)
_z615.81(035)
700 1 _aТалиб, Абу
_eсъстав.
_9290383
700 1 _aДимов, Г.
_eпрев. от фр.
_9370032
139 _aЧжен-Цзю-Ксюе
_bЧ 78
245 1 0 _aЧжен-Цзю-Ксюе
_bАнатомия и физиология на акупунктурата : Убождане и обгаряне на точки : Т. 1 -
_cсъстав. Абу Талиб; прев. от фр. Г. Димов.
_nТ. 1
_pКласически меридианни точки VG-VC-P-GL-E-RP-C-IG
257 _aBGR
260 Варна
_bАмбасадор
_c1993 -
300 _c22 см
380 _a61
760 1 _d1993
_h208 с., 22 см
_tТ. 1 Класически меридианни точки VG-VC-P-GL-E-RP-C-IG
852 _aЦб 180115
856 4 _qpdf
_u
856 4 _qpdf
_u
942 _cKNG
_n0
944 _aCR
_c13.06.2004
_kКети_Илиева
944 _aED
_c11.05.2015
_k
999 _c61283
_d61283